Statistics for Countries ending in A

Click here to take the quiz!

General Stats

  • This quiz has been taken 39 times
  • The average score is 59 of 72

Answer Stats

% Correct
Argentina
97%
Cuba
97%
Albania
94%
Austria
94%
Colombia
94%
Australia
91%
Canada
91%
Dominica
91%
India
91%
Slovakia
91%
Venezuela
91%
Andorra
88%
Indonesia
88%
Jamaica
88%
North Korea
88%
Panama
88%
Romania
88%
Russia
88%
Saint Lucia
88%
Slovenia
88%
South Korea
88%
Syria
88%
Algeria
85%
Ethiopia
85%
Libya
85%
Namibia
85%
Nicaragua
85%
Angola
82%
Antigua And Barbuda
82%
Armenia
82%
Bulgaria
82%
China
82%
Guinea
82%
Guyana
82%
Latvia
82%
Liberia
82%
Malaysia
82%
Rwanda
82%
South Africa
82%
Cambodia
79%
Eritrea
79%
Kenya
79%
Lithuania
79%
Nigeria
79%
Samoa
79%
Saudi Arabia
79%
Serbia
79%
Tonga
79%
Zambia
79%
Bolivia
76%
Costa Rica
76%
Estonia
76%
Gambia
76%
Georgia
76%
Ghana
76%
Guatemala
76%
Mongolia
76%
North Macedonia
76%
Tanzania
76%
Bosnia And Herzegovina
74%
Botswana
74%
Croatia
74%
Grenada
74%
Mauritania
74%
Papua New Guinea
74%
Somalia
74%
Tunisia
74%
Uganda
74%
Equatorial Guinea
71%
Malta
71%
Sri Lanka
68%
Micronesia
65%

Score Distribution

Percentile by Number Answered

Percent of People with Each Score

Your Score History

You have not taken this quiz